Demografia

Guardado en:
Detalles Bibliográficos
Autor principal: Abrahám, Miroslav
Autor Corporativo: Vysoká škola ekonomická v Bratislave. Fakulta ekonomiky služieb a cestovného ruchu v Banskej Bystrici
Formato: Libro
Lenguaje:eslovaco
Publicado: Bratislava VŠE 1991
Edición:1. vyd.
Etiquetas: Agregar Etiqueta
Sin Etiquetas, Sea el primero en etiquetar este registro!

MARC

LEADER 00000nam a2200000 4500
001 c024755
005 20221214093410.2
041 0 |a slo 
044 |a SK 
245 1 0 |a Demografia  |c Miroslav Abrahám 
250 |a 1. vyd. 
264 1 |a Bratislava  |b VŠE  |c 1991 
300 |a 165 s. 
100 1 |a Abrahám, Miroslav 
710 2 |a Vysoká škola ekonomická v Bratislave. Fakulta ekonomiky služieb a cestovného ruchu v Banskej Bystrici